000
00231nam a22000857a 4500
008
170216b xxu||||| |||| 00| 0 eng d
100
_9
2887
_a
Arora.S.L
245
_a
New Simplified Physics Class XI,XII
260
_a
New Delhi
_b
Dhanpat
_c
2012
999
_c
6116
_d
6116